Nền móng

Сохранить в:
Библиографические подробности
Главный автор: Châu, Ngọc Ẩn
Формат:
Язык:Undetermined
Опубликовано: Thành phố Hồ Chí Minh Đại học Quốc Gia Thành phố Hồ Chí Minh 2003
Предметы:
Метки: Добавить метку
Нет меток, Требуется 1-ая метка записи!
Thư viện lưu trữ: Trung tâm Học liệu Trường Đại học Cần Thơ
LEADER 00598nam a2200193Ia 4500
001 CTU_64130
008 210402s9999 xx 000 0 und d
020 |b 25000 
082 |a 624.15 
082 |b Â121 
100 |a Châu, Ngọc Ẩn 
245 0 |a Nền móng 
245 0 |c Châu Ngọc Ẩn 
260 |a Thành phố Hồ Chí Minh 
260 |b Đại học Quốc Gia Thành phố Hồ Chí Minh 
260 |c 2003 
650 |a Underground engineering,Công nghệ nền móng 
904 |i Năm 
980 |a Trung tâm Học liệu Trường Đại học Cần Thơ